| 000 | 00580nam a2200205Ia 4500 | ||
|---|---|---|---|
| 005 | 20250508165743.0 | ||
| 008 | 008 250505s9999 xx 000 0 hin d | ||
| 037 | _aBooks to be hide in OPAC | ||
| 040 |
_aFEDL _beng _cFEDL |
||
| 041 |
_ahin _2eng |
||
| 084 |
_a510, MAD/O _qFEDL |
||
| 245 | 0 | _aHigh school ganit 2, Bhag 2 | |
| 245 | 0 | _cMadhyamik Shiksha Prishad | |
| 260 |
_aUttar Pradesh, India _bMadhyamik Shiksha Prishad _c1981 |
||
| 300 | _a410p. | ||
| 365 |
_aINR _b7.8 |
||
| 546 | _aCSEC library | ||
| 942 |
_cHB _h510, MAD/O |
||
| 999 |
_c1397268 _d1397268 |
||